000 01516cam a22002298i 4500
001 24045169
005 20250327161825.0
008 250227s2025 ilu 000 1 eng
010 _a 2025007282
020 _a9781804942949
040 _aDLC
_beng
_erda
_cDLC
042 _apcc
050 0 0 _aPR6107.O3373
_bL57 2025
100 _aGodfrey, Jennie,
_eauthor.
_925082
245 1 0 _aList of suspicious things
_b: a novel
_c/ Jennie Godfrey.
264 _aPenguin Books
_bLondon
_c2025
300 _a528 pages ; 20 cm
520 _aYorkshire, 1979 Maggie Thatcher is prime minister, drainpipe jeans are in, and Miv is convinced that her dad wants to move their family Down South. Because of the murders. Leaving Yorkshire and her best friend Sharon simply isn't an option, no matter the dangers lurking round their way; or the strangeness at home that started the day Miv's mum stopped talking. Perhaps if she could solve the case of the disappearing women, they could stay after all? So, Miv and Sharon decide to make a list: a list of all the suspicious people and things down their street. People they know. People they don't. But their search for the truth reveals more secrets in their neighbourhood, within their families - and between each other - than they ever thought possible. What if the real mystery Miv needs to solve is the one that lies much closer to home?
655 0 _aDetective and mystery fiction
_923664
942 _2lcc
999 _c4606
_d4606